000 00469cam a2200169ua 4500
041 _aeng
_h
082 _a150.1
_bPRE/PS
100 _aPressey, Sidney L .
245 _aPsychological development through the life span /
_cSidney L Pressey.
_hTextual Documents
260 _aNew York :
_bHarper and Brothers Publishers ,
_c1957.
300 _a654 ; .
500 _a**Reference
504 _a
700 1 _aKuhlen, Raymond G .
942 _cBK
999 _c7743
_d7743